LEADER 01246nam a2200277 i 4500 001 000000075201 003 CaOOAMICUS 005 20240220145131.0 008 110527s1854 it u000 u ita u 013 $a46373 040 $aSeMil$bita 100 1 $aAriosto, Ludovico,$d<1474-1533>.$0(OLS)http://semarc/name/1232 240 10$aOrlando furioso.$0(OLS)http://semarc/title/10084 245 10$aOrlando furioso /$cdi Ludovico Ariosto ; conservato nella sua epica integrità, e recato ad uso della Gioventù, dall'abate Gioacchino Avesani e corredato di note storiche e filologiche. 250 $a3. ed. 260 $aFirenze :$bF. Le Monnier,$c1854. 300 $aXI, 950 p. ;$c18 cm. 490 0 $aBiblioteca nazionale 650 4$aAriosto, Ludovico <1474-1533> . Orlando furioso.$0(OLS)http://semarc/subject/2204 700 1 $aAvesani, Gioacchino,$d<1741-1818>.$0(OLS)http://semarc/name/6278 830 0$aBiblioteca nazionale.$0(OLS)http://semarc/title/33708 850 $aSeMil 852 $aSeMil$W1$xVenegono$y1$m1E IV 7 FA$j41353$B41353$CSeMilBibl$Z2$F41357 $8I 996 $6245$aOrlando furioso$9(OLS)http://semarc/title/10085 996 $6260$aFirenze :$bF. Le Monnier$9(OLS)http://semarc/publisher/30243 LEADER 01025nam a2200229 i 4500 001 000000108931 003 CaOOAMICUS 005 20050121000000.0 008 050121s1995 it u000 u ita u 013 $a81611 040 $aSeMil$bita 100 1 $aRestelli, Ernesto.$0(OLS)http://semarc/name/16450 245 10$aFrera :$ble moto di Tradate nello sport, nei trasporti, nell'esercito (1905-1936) /$cErnesto Restelli. 260 $aAzzate (Varese) :$bMacchione,$cCopyr. 1995. 300 $a96 p. :$briccamente ill. ;$c28 cm. 650 4$aTradate.$0(OLS)http://semarc/subject/6394 650 4$aMotociclismo - Storia.$0(OLS)http://semarc/subject/19248 850 $aSeMil 852 $aSeMil$W1$xVenegono$y1$m3P V 301$j64973$B64973$CSeMilBibl$Z2$F92273 $81 961 $aOmaggio: Biblioteca Civica di Tradate 996 $6245$aFrera :$ble moto di Tradate nello sport, nei trasporti, nell'esercito (1905-1936)$9(OLS)http://semarc/title/158054 996 $6260$aAzzate (Varese) :$bMacchione$9(OLS)http://semarc/publisher/31933